| 000 | 00876nam a22002057a 4500 | ||
|---|---|---|---|
| 003 | BD-DhUL | ||
| 005 | 20161031182111.0 | ||
| 008 | 161027s1993 ii a|||| |||| 000 0 ben d | ||
| 020 | _a8172151667 | ||
| 040 |
_aBD-DhUL _cBD-DhUL |
||
| 082 |
_a891.449 _bBHG |
||
| 100 | 1 | _aভট্টাচার্য, বিষ্ণুপদ | |
| 245 | 1 | 0 |
_aগৌড়ীয় বৈষ্ণব-সম্প্রদায় : _bভক্তিরস ও অলংকারশাস্ত্র / _cবিষ্ণুপদ ভট্টাচার্য |
| 250 | _a১ম সং. | ||
| 260 |
_aকলকাতা : _bআনন্দ পাবলিশার্স, _c১৯৯৩. |
||
| 300 |
_a১৩৬ পৃ. ; _c ২১ সে.মি. |
||
| 650 | 0 | _2বাংলা প্রবন্ধ সাহিত্য. | |
| 650 | 0 | _2Articles Bengali literature. | |
| 942 |
_2ddc _cBK |
||
| 999 |
_c118288 _d118288 |
||